Statistiques concernant Quiz sur Djibouti

Cliquez ici pour prendre le quiz!

Statistiques générales

  • Ce quiz a été pris 4 112 fois
  • Le résultat moyen est 12 sur 18

Statistiques - réponses

QuestionRéponse% Correct
Religion officielleIslam
97%
Pays frontaliersSomalie
95%
Capitale et plus grande villeDjibouti
94%
Pays frontaliersÉthiopie
94%
Pays frontaliersÉrythrée
92%
Pays asiatique qui est seulement à 20 km de DjiboutiYémen
90%
Langues officiellesArabe
85%
Péninsule sur laquelle Djibouti se situe{Corne} de l'Afrique
84%
Langues officiellesFrançais
83%
Les côtes du Lac Assal sont le point avec la plus basse ____ en AfriqueÉlévation
70%
Deux étendues d'eau que ce détroit sépareMer Rouge
62%
Empire auquel Djibouti appartenait de 1577 à 1867Empire Ottoman
56%
République sécessioniste non-reconnue internationalement
qui possède une frontière avec le sud de Djibouti
Somaliland
46%
Deux étendues d'eau que ce détroit sépareGolfe d'{Aden}
37%
Détroit qui sépare ce dernier pays de DjiboutiBab el-{Mandeb}
29%
Nom donné à Djibouti jusqu'en 1977 : Territoire des ____ et des ____Afars
16%
Nom donné à Djibouti jusqu'en 1977 : Territoire des ____ et des ____Issas
15%
Partenaire commercial majeur de l'Égypte Antique mentionné dans la Bible
qui aurait existé autour de Djibouti près de 1000 ans avant notre ère
Pays de {Pount}
10%

Distribution des résultats

Percentile par nombre de réponses

% des personnes avec chaque résultat

Votre développement - résultats

Vous n’avez pas pris ce quiz